00596nam a22001217a 4500008004100000020001500041050002900056245028500085260004200370300002200412440002300434800001700457140819b xxu||||| |||| 00| 0 eng d a0406091218 aKD276.3.L39(1887 vol.36) aThe Law Reports: Under the suprintendence and control of the incorporated council of law reporting for england and wales, supreme court of judicature cases determined in the chancery division and in lunacy and on appeal therefrom in the court of appeal. /cedited by Hemming, G.W. aLondon:bButterworth & Co Ltd,c1887. axii,810p.:c24cm. pChancery division. aHemming G.W.